000 00432nam a2200169Ia 4500
008 100204s9999 xx 000 0 und d
082 _b28828
100 _adSQh]'kkSdr
245 _aकैफी आणि मी
250 _a0
260 _c2008
300 _a148
630 _aकैफी आणि मी
700 _aदेसाई जयश्री
730 _aकैफी आणि मी
942 _cBOOK
999 _c474004
_d474001